مكتبة جامعة عجلون الوطنية

فهرس بحث المكتبة

المرأة : الواقع واستشراف المستقبل في الرواية العربية (Record no. 33871)

MARC details
000 -LEADER
fixed length control field 00603nam a22001697a 4500
003 - CONTROL NUMBER IDENTIFIER
control field JO-AjAnu
005 - DATE AND TIME OF LATEST TRANSACTION
control field 20250309102158.0
008 - FIXED-LENGTH DATA ELEMENTS--GENERAL INFORMATION
fixed length control field 250305b jo ||||| |||| 00| 0 ara d
040 ## - CATALOGING SOURCE
Transcribing agency JO-AjAnu
041 ## - LANGUAGE CODE
Language code of original ara
100 ## - MAIN ENTRY--PERSONAL NAME
Personal name عليان، حسن
9 (RLIN) 48654
245 ## - TITLE STATEMENT
Title المرأة : الواقع واستشراف المستقبل في الرواية العربية
Statement of responsibility, etc. / حسن عليان
260 ## - PUBLICATION, DISTRIBUTION, ETC.
Place of publication, distribution, etc. عمان :
Name of publisher, distributor, etc. دار مجدلاوي للنشر والتوزيع،
Date of publication, distribution, etc. 2016
300 ## - PHYSICAL DESCRIPTION
Extent 269 صفحه
650 ## - SUBJECT ADDED ENTRY--TOPICAL TERM
Form subdivision القصص العربية-النقد الأدبي-المرأة
942 ## - ADDED ENTRY ELEMENTS (KOHA)
Source of classification or shelving scheme Library of Congress Classification
Koha item type Books
Suppress in OPAC No
Holdings
Withdrawn status Lost status Source of classification or shelving scheme Damaged status Not for loan Home library Current library Date acquired Total Checkouts Full call number Barcode Date last seen Price effective from Koha item type
    Library of Congress Classification     مكتبة جامعة عجلون الوطنية مكتبة جامعة عجلون الوطنية 05/03/2025   PJ7572.I52.2017 A30142 05/03/2025 05/03/2025 Books